000 00998nam a2200253 a 4500
001 71537
003 BD-RjUL
005 20211209082128.0
008 170504s2012 ii ||||| |||| 00| e ben d
020 _a8187624000
_c: IRs. 100.00
035 _a(BD-RjUL)71753
040 _aBD-RjUL
_bben
_cBD-RjUL
041 _aben
082 _223
_a891.444
_bSED 2012
100 1 _aসেন, তাপস
_9146052
245 1 0 _aদ্বিতীয় অঙ্ক :
_bপ্রথম দৃশ্যের আলো /
_cতাপস সেন ; সম্পাদনা, আশিস গোস্বামী
250 _a২য় প্রকাশ
260 _aকলিকাতা :
_bনাট্যচিন্তা,
_c২০১২
300 _a১২৬ পৃ. ;
_c২১ সেমি.
650 _aবাংলা প্রবন্ধ
_9146053
650 _aBengali essays
_9146054
700 _aগোস্বামী, আশিস, সম্পাদনা
_9211681
942 _2ddc
_cBK
999 _c71537
_d71537